000 00534cam a2200193 4500
001 D2976
008 090401t1983 xxu||||| |||| 00| 0 eng d
035 _a(Sirsi) u71341
041 _aeng
050 _a378.1
100 _aCroome, Derek J
245 _aSecondment to industry - a challenge and a solution for those in further education
260 _aAscot
_bThe Chartered Institute of Building
_c1983
300 _a10p. 30cm
350 _a0
490 _aTechnical Information Service
_v17
942 _n0
948 _c04/03/1997
999 _c95404
_d95404